Normale Ansicht MARC-Ansicht ISBD

FFC drittbestes Team in Deutschland. (Titelsatznr. 372532)

[ MARC ]
MARC-Details
000 -Satzkennung
Kontrollfeld mit fester Länge 00719nab a2200193 4500
001 - Kontrollnummer
Kontrollfeld 244442
003 - Kontrollnummer Identifier
Kontrollfeld OSt
005 - Datum und Zeit der letzten Transaktion
Kontrollfeld 20230609121901.0
007 - Feld mit fester Länge zur physischen Beschreibung - Allgemeine Information
Kontrollfeld mit fester Länge tu
008 - Feld mit fester Länge zur physischen Beschreibung - Allgemeine Angaben
Kontrollfeld mit fester Länge 200917s2020|||||||
040 ## - Katalogisierungsquelle
Original-Katalogisierungsstelle DE-2950
Übertragungsstelle DE-2950
245 00 - Titel
Titel FFC drittbestes Team in Deutschland.
Zusatz zum Titel Sportsplitter. A-Jugend-Handballerinnen sichern sich bei Deutscher Meisterschaft in Blomberg die Bronzemedaille. Zwei U18-Leichtathleten aus Frankfurt erfüllen bei Wettkampf in Berlin die Norm für die nationalen Titelkämpfe /
Verfasserangabe etc. red.
264 ## - Produktion, Veröffentlichung, Distribution, Herstellung und Urheberrechtsvermerk
Datum der Herstellung, der Veröffentlichung, des Vertriebs oder des Urheberschutzvermerks 2023
653 ## - Indexierungsterm - Nicht normiert
Nicht-normierter Term Frankfurt (Oder)
653 ## - Indexierungsterm - Nicht normiert
Nicht-normierter Term Handball
653 ## - Indexierungsterm - Nicht normiert
Nicht-normierter Term FHC A-Jugend
773 0# - Übergeordnete Einheit
Verknüpfungsangaben 34. Jahrgang (2023) Nr. 130 vom 07.06.2023, S. 17: mit Foto
Titel Märkische Oderzeitung
942 ## - Zusätzliche Felder (Koha)
Klassifikation oder Aufstellungssystematik Andere/Generische Klassifikation
Koha-Medientyp Aufsätze
Exemplare
Ausgeschieden Verloren Klassifikation oder Aufstellungssystematik Beschädigt Nicht entleihbar Heimatbibliothek Aufenthaltsbibliothek Aufstellungsort Erwerbungsdatum Anzahl Ausleihen Signatur Letzte Aktivität Preis gültig von Koha-Medientyp
    Andere/Generische Klassifikation     Stadtarchiv Frankfurt (Oder) | Archivbibliothek Stadtarchiv Frankfurt (Oder) | Archivbibliothek Magazin 09/06/2023   Z2 09/06/2023 09/06/2023 Aufsätze